书目信息 |
| 题名: |
服装市场营销
|
|
| 作者: | 杨以雄 主编 | |
| 分册: | ||
| 出版信息: | 上海 东华大学出版社 2010 |
|
| 页数: | 318页 | |
| 开本: | 26cm | |
| 丛书名: | ||
| 单 册: | ||
| 中图分类: | F768.3 | |
| 科图分类: | ||
| 主题词: | 服装--市场营销学--高等教育--教材 | |
| 电子资源: | ||
| ISBN: | 978-7-81111-658-8 | |
| 000 | 01024nam0 2200265 450 | |
| 001 | 338897 | |
| 005 | 20150603153030.67 | |
| 010 | @a978-7-81111-658-8@dCNY49.00 | |
| 100 | @a20100311d2010 em y0chiy50 ea | |
| 101 | 0 | @achi |
| 102 | @aCN@b310000 | |
| 105 | @ay z 000yy | |
| 106 | @ar | |
| 200 | 1 | @a服装市场营销@Afu zhuang shi chang ying xiao@f杨以雄主编 |
| 210 | @a上海@c东华大学出版社@d2010 | |
| 215 | @a318页@d26cm | |
| 300 | @a普通高等教育“十一五”国家级规划教材 | |
| 312 | @a封面英文题名:Fashion marketing | |
| 330 | @a本书阐述了服装市场变化的各种因素, 包括: 人力资源等社会学因素、服装需求与供给关系、定价决策等方面的经济学因素;服装材料开发和生产流程、加工工艺等技术因素;服装消费心理和行为的心理学因素;服装企业组织结构、市场定位与细分、商品企划、品牌、物流、零售等管理学因素。 | |
| 510 | 1 | @aFashion marketing@zeng |
| 606 | 0 | @a服装@x市场营销学@x高等教育@j教材 |
| 690 | @aF768.3@v5 | |
| 701 | 0 | @a杨以雄@Ayang yi xiong@f(1953)@4主编 |
| 801 | 0 | @aCN@b卓展宏图@c20150525 |
| 905 | @dF768.3@e40@f4 | |
| 服装市场营销/杨以雄主编.-上海:东华大学出版社,2010 |
| 318页;26cm |
| 普通高等教育“十一五”国家级规划教材 |
| ISBN 978-7-81111-658-8:CNY49.00 |
| 本书阐述了服装市场变化的各种因素, 包括: 人力资源等社会学因素、服装需求与供给关系、定价决策等方面的经济学因素;服装材料开发和生产流程、加工工艺等技术因素;服装消费心理和行为的心理学因素;服装企业组织结构、市场定位与细分、商品企划、品牌、物流、零售等管理学因素。 |
| ● |
| 相关链接 |
|
|
|
|
正题名:服装市场营销
索取号:F768.3/40
 
预约/预借
| 序号 | 登录号 | 条形码 | 馆藏地/架位号 | 状态 | 备注 |
| 1 | 861045 | 208610458 | 第一样本阅览室/ [索取号:F768.3/40] | 在馆 | |
| 2 | 861046 | 208610467 | 密集书库-海洋学院/ [索取号:F768.3/40] | 在馆 | |
| 3 | 861047 | 208610476 | 第一借阅区/ [索取号:F768.3/40] | 在馆 | |
| 4 | 861048 | 208610485 | 第一借阅区/ [索取号:F768.3/40] | 在馆 |